000 00327nam a22001457a 4500
008 210309b ||||| |||| 00| 0 eng d
020 _a9781848855335
041 _aeng
080 _a32
082 _a32
100 _a19
101 _aSHP
245 _aBritian's End of Empire in the Middle EAST
_cKyle, K
942 _2udc
_cBK
999 _c56103
_d56103